Normal view MARC view
  • Ladjali, Cécile,

Entry Nombre Personal

Number of records used in: 1

001 - NUMERO DE CONTROL

  • campo de control: 48418

003 - IDENTIFICADOR DE NUMERO DE CONTROL

  • campo de control: DLC

005 - FECHA Y HORA DE LA ÜLTIMA TRANSACCIÓN

  • campo de control: 20230511121012.0

008 - DATOS DE LONGITUD FIJA

  • campo de control de longitud fija: 230511n| azannaabn |n aaa

010 ## - NÚMERO DE CONTROL DE LA BIBLIOTECA DEL CONGRESO

  • Número de control LC: n 2005080516

035 ## - NUMERO DE CONTROL

  • Número de control: (OCoLC)oca06771382

040 ## - FUENTE DE CATALOGACIÓN

  • Agencia original de catalogación: DLC
  • Lenguaje de catalogación: spa
  • Description conventions: rda
  • Agencia de transcripción: DLC
  • Agencia que lo modifica: DLC
  • Agencia que lo modifica: NcU
  • Agencia que lo modifica: MX-MxUPN

046 ## - FECHAS CON CODIFICACIÓN ESPECIAL

  • Fecha de nacimiento: 1971
  • Fuente del formato de fecha: edtf

053 #0 - NÚMERO DE CLASIFICACIÓN LC

  • Número de clasificación elemento-número único o número inicial de tramo: PQ2712.A35

100 1# - ENCABEZAMIENTO - NOMBRE PERSONAL

  • Nombre personal: Ladjali, Cécile,
  • Fechas asociadas con el nombre: 1971-

370 ## - LUGAR ASOCIADO

  • Place of residence/headquarters: Paris (Francia)
  • Fuente del término: naf

375 ## - GÉNERO

  • Gender: Femenino
  • Fuente del término: lcdgt

377 ## - LENGUA ASOCIADA

  • Language code: fre

670 ## - FUENTE EN LA QUE SE LOCALIZARON DATOS

  • Cita de la fuente: Ladjali, Cécile. La chapelle Ajax, 2005:
  • Información localizada: portada (Cécile Ladjali) página 4 de la cubierta (n. 1971, Lausanne; novelist, dramatist, professor)

670 ## - FUENTE EN LA QUE SE LOCALIZARON DATOS

  • Cita de la fuente: Bénédict, 2018:
  • Información localizada: portada (Cécile Ladjali) página 4 de la cubierta (d'origine iranienne, Cécile Ladjali est agrégée de lettres modernes; elle vit à Paris)

902 ## - CATALOGADOR

  • Catalogador: NDAF/110523